| 000 | 00939cam a22002415a 4500 | ||
|---|---|---|---|
| 001 | 9060136 | ||
| 005 | 20160222163852.0 | ||
| 008 | 100125t2010 enka frbe 001 0 eng d | ||
| 020 | _a9780470057568 (set) | ||
| 040 |
_aDLC _beng _cDLC _dWaSeSS _dEG-ScBUE _dEG-ScBUE |
||
| 082 | 0 | 4 |
_a332.03 _bENC _222 |
| 245 | 0 | 0 |
_aEncyclopedia of quantitative finance / _ceditor-in-chief, Rama Cont ; [foreword by Robert C. Merton] |
| 260 |
_aChichester : _bJohn Wiley & Sons Ltd., _cc.2010. |
||
| 300 |
_a4 v. : _bill. ; _c25 cm. |
||
| 504 | _aIncludes bibliographical references and index. | ||
| 505 | _avolume I : A-D -- volume II : E-J -- volume III : K-Q -- volume IV : R-Z and index. | ||
| 650 | 0 |
_aFinance _xMathematical models _vEncyclopedias. _2BUEsh |
|
| 651 | _2BUEsh | ||
| 653 |
_bBUSECO _cAugust2015 _cFebruary2016 |
||
| 700 | 1 |
_aCont, Rama. _eeditor. _94048 |
|
| 700 | 1 |
_aMerton, Robert C., _eauthor of introduction, etc. _929304 |
|
| 942 | _2ddc | ||
| 999 |
_c20733 _d20705 |
||